000 00665nam a2200193 i 4500
001 45626
003 ES-MaACL
005 20250828072603.0
007 t|
008 030326s1970 sp ||||1| spa d
100 1 _aColmenero Vega, Manuel.
_939779
245 1 0 _aCómo construir una vivienda cooperativa /
_c[Manuel Colmenero Vega, Francisco Dolset Chumilla].
260 _aZaragoza :
_bCentro Nacional de Educación Cooperativa,
_c1970.
300 _a158 p. ;
_c21 cm.
700 1 _aDolset Chumilla, Francisco.
_945050
710 2 _aCentro Nacional de Educación Cooperativa (España)
_92764
852 _aES-MaACL
_jC-47521
_bR.74811
999 _c45626
_d45626